| 000 | 00515nam a22001817a 4500 | ||
|---|---|---|---|
| 003 | CEME | ||
| 005 | 20210628204158.0 | ||
| 008 | 210113b xxu||||| |||| 00| 0 eng d | ||
| 020 | _a9780821887356 | ||
| 040 | _cceme | ||
| 082 | _a518.6 PAL | ||
| 100 |
_aPalais, Richard.S , Palais, Robert.A _969139 |
||
| 245 | _aDifferential equations, mechanics, and computation | ||
| 260 |
_aINDIA _bAMERICAN MATHEMATICAL SOCIETY _c2012 |
||
| 300 | _aXIII, 313P | ||
| 650 |
_aDIFFERENTIAL EQUATIONS. _9688 |
||
| 942 |
_cBK _2ddc |
||
| 999 |
_c576533 _d576533 |
||